000 00342nam a2200157Ia 4500
003 OSt
005 20240120113910.0
008 170524s9999 xx 000 0 und d
020 _a9788187433545
040 _ciimtu
100 _aRamamrutham
245 0 _aStrength of materials
260 _bDhanpat Rai
260 _c2008
942 _2ddc
_c02
999 _c5539
_d5539